01705nam a22001577a 4500999001900000008004100019100003000060245008800090260002700178300003200205520114300237773002701380906002601407942000701433952010701440 c515899d515899210211b ||||| |||| 00| 0 eng d aChristensen, Johan924194 aRepresentative bureaucracy, international organizations and public service bargains aPublic Administration  a98(2), Jun, 2020: p.408-423 aAcademic interest in the administrative aspects of international organizations is on the rise. Yet, an issue that has received little attention is bureaucratic representation—the extent to which international bureaucracies are representative of the polity that they serve. The article theorizes the rationales for and forms of representative bureaucracy in international organizations by combining insights from the representative bureaucracy literature with the ‘public service bargains’ framework. It argues that bureaucratic representation is highly relevant in international organizations, given the diverse polity these organizations serve and their precarious legitimacy. It distinguishes three types of representational ‘bargains’ between international organizations and those they serve, centred on power, equal opportunities and diversity, and discusses under which conditions each type of bargain is likely to be struck. The argument contributes to discussions about representative bureaucracy in international organizations and to broader theoretical debates about international public administration. – Reproduced  aPublic Administration  aPUBLIC ADMINISTRATION cAR 00102ddc40709389998aIIPAbIIPAd2021-02-11h98(2), Jun, 2020: p.408-423pAR124274r2021-02-11yAR